书目信息 |
| 题名: |
大科学观
|
|
| 作者: | 赵红州 著 | |
| 分册: | ||
| 出版信息: | 北京 人民出版社 1988.2 |
|
| 页数: | 291页 | |
| 开本: | 20厘米 | |
| 丛书名: | ||
| 单 册: | ||
| 中图分类: | G301 | |
| 科图分类: | ||
| 主题词: | 高技术 | |
| 电子资源: | ||
| ISBN: | 7-01-000046-8 | |
| 000 | 00720nam0 2200241 45 | |
| 001 | 0188016249 | |
| 005 | 20060808111602.92 | |
| 010 | @a7-01-000046-8@dCNY2.00 | |
| 020 | @aCN@b88016249 | |
| 100 | @a19910417d1988 ek y0chiy0120 ea | |
| 101 | 0 | @achi |
| 102 | @aCN@b110000 | |
| 105 | @ay z 000yy | |
| 200 | 10 | @a大科学观@Ada ke xue guan@f赵红州著@Fzhao hong zhou zhu |
| 210 | @a北京@c人民出版社@d1988.2 | |
| 215 | @a291页@d20厘米 | |
| 330 | @a本书介绍了大科学的概念、由来与发展,大科学的社会特征,大科学所造成的哲学观念变革等。 | |
| 540 | 1 | @a大科学观@Ada ke xue guan |
| 606 | @a高技术 | |
| 690 | @aG301@v1980 | |
| 701 | 0 | @a赵红州@Azhao hong zhou@4著 |
| 801 | 0 | @aCN@bTSSF@c20060808 |
| 905 | @a10447@dG301@e117 | |
| 大科学观/赵红州著.-北京:人民出版社,1988.2 |
| 291页;20厘米 |
| ISBN 7-01-000046-8:CNY2.00 |
| 本书介绍了大科学的概念、由来与发展,大科学的社会特征,大科学所造成的哲学观念变革等。 |
| ● |
| 相关链接 |
|
|
|
|
正题名:大科学观
索取号:G301/117
 
预约/预借
| 序号 | 登录号 | 条形码 | 馆藏地/架位号 | 状态 | 备注 |
| 1 | 0447315 | 204473159 | 密集书库/ [索取号:G301/117] | 在馆 |